El curriculum: una reflexión sobre la práctica
Saved in:
| Main Author: | |
|---|---|
| Format: | Book |
| Language: | Spanish |
| Published: |
Madrid
Morata
1995
|
| Edition: | 5a. ed |
| Series: | Pedagogía Manuales
|
| Subjects: | |
| Tags: |
Add Tag
No Tags, Be the first to tag this record!
|
MARC
| LEADER | 00000nam a2200000 a 4500 | ||
|---|---|---|---|
| 001 | UCH4649 | ||
| 003 | CL-VaPUC | ||
| 008 | 090827e19950000SP |||||||||||||||||spa|d | ||
| 020 | |a 8471123266 | ||
| 082 | 0 | 4 | |a 375 |b GIM |2 21 |
| 100 | |a Gimeno Sacristán, José |e autor |9 814227 | ||
| 245 | 1 | 3 | |a El curriculum: una reflexión sobre la práctica |
| 250 | |a 5a. ed | ||
| 300 | |a 423 p | ||
| 942 | |c BK | ||
| 945 | |d 20090827 00:00:00 |a dcastane | ||
| 260 | |a Madrid |b Morata |c 1995 | ||
| 650 | 0 | |a Educación |9 258661 | |
| 650 | 0 | |a Currículo |9 307290 | |
| 583 | |a last modification |c 20090827 00:00:00 |k Rodrigo Vera | ||
| 490 | 0 | |a Pedagogía Manuales | |
| 999 | |c 335923 |d 335921 | ||
| 952 | |0 0 |1 0 |4 0 |6 375_000000000000000_GIM_1995 |7 0 |8 A |9 426775 |a BIBEDU |b BIBEDU |d 2019-11-22 |i 4594398 |l 2 |o 375 GIM 1995 |p 4594398 |q 2020-12-30 |r 2020-10-07 |s 2020-10-07 |w 2019-11-22 |y BK |k BME | ||